Los Araucanos. Notas sobre una gira efectuada entre las tribus indígenes de Chile Meridional. Traducción de Ricardo E. Latcham, de la Sociedad Chilena de Historia y Geografía

Guardat en:
Dades bibliogràfiques
Autor principal: Smith, Edmond Reuel (Autor)
Format: Llibre
Idioma:espanyol
Publicat: Santiago Imprenta Universitaria 1914
Edició:1a. ed
Matèries:
Etiquetes: Afegir etiqueta
Sense etiquetes, Sigues el primer a etiquetar aquest registre!

MARC

LEADER 00000nam a2200000 a 4500
001 UCJ6410
003 CL-VaPUC
008 070124e19140000CL |||||||||||||||||spa|d
082 0 4 |a 983  |b SMI  |2 21 
100 0 |a Smith, Edmond Reuel  |e author  |9 421023 
245 1 4 |a Los Araucanos. Notas sobre una gira efectuada entre las tribus indígenes de Chile Meridional. Traducción de Ricardo E. Latcham, de la Sociedad Chilena de Historia y Geografía 
250 |a 1a. ed 
300 |a 241 p 
942 |c BK 
945 |d 20070124 00:00:00  |a rinostro 
260 |a Santiago  |b Imprenta Universitaria  |c 1914 
650 0 |a Viajes  |9 257115 
650 0 |a Etnografía   |9 309735 
650 0 |a Aborígenes  |9 329972 
650 0 |a Araucanos  |9 314060 
650 0 |a Cultura  |9 269059 
650 0 |a Medicina   |9 258507 
583 |a last modification  |c 20070124 00:00:00  |k Rodrigo Vera 
999 |c 322515  |d 322513 
952 |0 0  |1 0  |4 0  |6 983_000000000000000_SMI_1914  |7 0  |8 X  |9 401521  |a FDOBUD  |b FDOBUD  |d 2019-11-22  |i 1047698  |o 983 SMI 1914  |p 1047698  |r 2019-11-22  |w 2019-11-22  |y BK_X  |k BUD